Science Quiz

Random Science Quiz

Periodic Table of Elements (p sublevel) Quiz Stats

 Plays Quiz not verified by Sporcle

Challenge
Share
Tweet
Embed
Score 0/31 Timer 05:00
0 Plays Today
Element Abv. Element Name % Correct
BBoron
94.7%
CCarbon
94.7%
OOxygen
94.7%
FFluorine
94.7%
NeNeon
94.7%
NNitrogen
89.5%
SiSilicon
84.2%
ClChlorine
84.2%
ArArgon
84.2%
KrKrypton
84.2%
XeXenon
84.2%
HeHelium
84.2%
PPhosphorus
78.9%
BrBromine
78.9%
IIodine
78.9%
PbLead
78.9%
Element Abv. Element Name % Correct
RnRadon
78.9%
SSulfur
78.9%
GaGallium
73.7%
AsArsenic
73.7%
SeSelenium
73.7%
SnTin
73.7%
BiBismuth
68.4%
GeGermanium
63.2%
SbAntimony
63.2%
InIndium
57.9%
PoPolonium
57.9%
AlAluminium
52.6%
TlThallium
52.6%
AtAstatine
42.1%
TeTellurium
36.8%

You're not logged in!

Compare scores with friends on all Sporcle quizzes.
OR
Log In

You Might Also Like...

Show Comments

Extras

Created Dec 15, 2011ReportNominate
Tags:Periodic Table, table

Top Quizzes Today


Score Distribution

Your Account Isn't Verified!

In order to create a playlist on Sporcle, you need to verify the email address you used during registration. Go to your Sporcle Settings to finish the process.

Report this User

Report this user for behavior that violates our Community Guidelines.

Details: